De la Terre à la rue - Zoom progressif avec carte - Terre du Milieu - Statistiques

Statistiques générales
  • Ce quiz a été pris 840 fois
  • Le résultat moyen est 2 sur 7
Réponses sur la Carte
Les réponses sont colorées sur une échelle allant du rouge au vert en fonction du pourcentage des utilisateurs qui les ont devinées à leur premier essai. Vous pouvez retrouver ces pourcentages ci-dessous.
 
Statistiques - réponses
Echelles Réponses % Correct
Planète Arda
99%
Continent Terre du Milieu
36%
Pays Comté
18%
Ville Hobbiteville
13%
Trou Cul-de-Sac
12%
Région Eriador
12%
Quartier Ouest
6%
Aucun quiz correspondant
Distribution des résultats
% des personnes avec chaque résultat
Percentile par nombre de réponses
Votre historique - résultats
Vous n’avez pas pris ce quiz